Corrosion and Surface Chemistry of Metals /

Gespeichert in:
Bibliographische Detailangaben
1. Verfasser: Landolt, Dieter (Verfasst von)
Format: Buch
Sprache:Englisch
Veröffentlicht: New York : EPFL Press, eBook Published 2 May 2007
Ausgabe:1st Ed.
Schlagworte:
Tags: Tag hinzufügen
Keine Tags, Fügen Sie das erste Tag hinzu!

MARC

LEADER 00000nam a22000003a 4500
001 0108838
003 SK-STU
005 20240327144515.7
007 ta
008 221107s ----xo-----e------000-0-----d
020 |a 9780429146602 
035 |2 DOI  |a 10.1201/9781439807880 
040 |a STU  |b slo 
041 0 |a eng 
044 |a xxu 
100 1 |a Landolt, Dieter  |4 aut 
245 1 0 |a Corrosion and Surface Chemistry of Metals /  |c aut. Dieter Landolt 
250 |a 1st Ed. 
260 |a New York :  |b EPFL Press,  |c eBook Published 2 May 2007 
300 |a 400 s. 
500 |a eBook 
650 0 7 |a Engineering & Technology 
650 0 7 |a Physical Sciences 
996 |c E*DigP-6  |l EE01  |s P  |a 0  |w 0108838_0001